Biblioteca

El pastor como lider (Registro nro. 69061)

Detalles MARC
000 -LÍDER
Campo fijo de descripción fija 02097aam a2200337 i 4500
001 - NÚMERO DE CONTROL
Campo de control 768714001
003 - IDENTIFICADOR DEL NÚMERO DE CONTROL
Campo de control CO-MdFUSB
005 - FECHA Y HORA DE LA ULTIMA TRANSACCIÓN
control field 20231101101602.0
007 - CAMPO FIJO DE DESCRIPCIÓN FIJA--INFORMACIÓN GENERAL
Campo fijo de descripción fija ta
008 - ELEMENTOS DE LONGITUD FIJA -- INFORMACIÓN GENERAL
Campo fijo de descripción fija -- Información general 230927t19802016flua||ag |||| 00| 0 spa d
020 ## - NÚMERO INTERNACIONAL NORMALIZADO PARA LIBROS
Número Internacional Normalizado del libro 9781941538197
040 ## - FUENTE DE CATALOGACIÓN
Agencia de catalogación original CO-MdFUSB
Idioma de catalogación spa
Agencia que realiza la transcripción CO-MdFUSB
Agencia que realiza la modificación CO-MdFUSBC
Convenciones de la descripción rda
041 ## - CÓDIGO DE IDIOMA
Código de idioma para texto/pista de sonido o título separado spa
Código de idioma original eng
082 ## - NÚMERO DE CLASIFICACIÓN DECIMAL DEWEY
Número de la edición del Dewey 23
Número de clasificación 253
Clave de autor-Numero de item P293
240 ## - TITULO UNIFORME
Título uniforme <a href="The shepherd as leaders">The shepherd as leaders</a>
245 13 - TÍTULO
Título del Material El pastor como lider
Parte restante del título - Subtitulo : como guiar a los demas con integridad y conviccion
Mención de responsabilidad, etc. / John MacArthur, autor y editor.
264 #1 - PRODUCCIÓN, PUBLICACIÓN, DISTRIBUCIÓN, MANUFACTURA, Y COPYRIGHT
Lugar de producción, publicación, distribución, manufactura Florida :
Nombre del productor, publicador, distribuidor Nivel Uno,
Fecha de producción, publicación, distribución, manufactura, o copyright [1980]
264 #4 - PRODUCCIÓN, PUBLICACIÓN, DISTRIBUCIÓN, MANUFACTURA, Y COPYRIGHT
Fecha de producción, publicación, distribución, manufactura, o copyright ©2016
300 ## - DESCRIPCIÓN FÍSICA
Extensión 221 páginas
Dimensiones ; 22 cm.
336 ## - TIPO DE CONTENIDO
Fuente rdacontent
Término de tipo de contenido texto
Código de tipo de contenido txt
337 ## - TIPO DE MEDIO
Fuente rdamedia
Nombre del tipo de medio sin mediación
Código del tipo de medio n
338 ## - TIPO DE SOPORTE
Fuente rdacarrier
Nombre del tipo de soporte volumen
Código Tipo de soporte nc
490 ## - MENCIÓN DE SERIE
Mención de serie La biblioteca del pastor,
505 ## - NOTA DE CONTENIDO
Nota de contenido con formato preestablecido I. Humildad / Jhon MacArthur -- II. Pureza en el campamento / Ligon Duncan-- III. Santificado sea tu nombre: el líder de rodillas / Tom Pennington -- IV. El líder que sufre bien / John Piper -- V. Un ministerio de integridad / John MacArthur -- VI. Oposición y esperanza / Mark Dever -- VII. El líder y su rebaño / Rick Holland -- VIII. Guarde el evangelio / Steven J. Lawson -- IX. Ni gente pequeña, ni sermones pequeños / Albert Mohler -- X. Confronte la hipocresía / John MacArthur -- XI. ¿Qué está haciendo falta en el servicio de su Iglesia? / Austin T. Duncan -- XII. Promueva la comunión / John MacArthur.
520 ## - NOTA DE RESUMEN, ETC.
Nota de sumario, etc. El Pastor Como Líder es una colección de los mejores mensajes sobre liderazgo, expuestos en la Conferencia de Pastores auspiciada por la congregación Grace Community Church, que pastorea John MacArthur12. Los mensajes son un aporte de John Piper, Albert Mohler, Steven J. Lawson, entre otros.<br/>Cada uno de los principios del liderazgo que presenta este libro sigue el modelo que nos enseñó Cristo mismo, el mejor líder de Quien se pueda aprender.
563 ## - NOTA DE ENCUADERNACIÓN
Nota de encuadernación Rústico
650 #7 - ASIENTO SECUNDARIO DE MATERIA - TERMINO TEMÁTICO
Fuente del encabezamiento o término embne
9 (RLIN) 7270
Término temático o nombre geográfico como elemento de entrada Liderazgo
Subdivisión general Aspectos religiosos
-- Cristianismo
700 1# - ASIENTO SECUNDARIO - NOMBRE PERSONAL
9 (RLIN) 143
Nombre personal MacArthur, John,
Fechas asociadas con el nombre 1939-
Responsabilidad editor
942 ## - TIPO DE MATERIAL (KOHA)
Tipo de Item KOHA Libros General
945 ## - INFORMACIÓN LOCAL DEL REGISTRO
Catalogador sor1564
Existencias
Estado de Material Estado de Perdido Forma de Clasificación Estado de Dañado No para Préstamo Colección Biblioteca de Origen Biblioteca Permanente Fecha de Adquisición Área Total de Préstamos Signatura Topográfica Código de Barras Última vez visto Última vez Préstado Ejemplar/Existencia Fecha de Remplazo Tipo de Material
    Dewey Decimal Classification     Colección General Biblioteca FUSBC Biblioteca FUSBC 27/09/2023 LIDERAZGO 1 G 253 P293pa 22552 28/08/2025 10/04/2025 Ej. 1 27/09/2023 Libros General

Biblioteca FUSBC | Teléfono: (57+4) 349 88 10 Ext. 141| WhatsApp (+57) 3005338115 
E-mail: biblioteca@unisbc.edu.co | Calle 76 87-14 Robledo Palenque, Medellín, Colombia

Con tecnología Koha